Pamiatka do tretice?

Bibliographic Details
Format: Article
Language:Slovak
Subjects:

MARC

LEADER 00000nab a2200000 a 4500
001 vtls000900938
003 SK-MaSNL
005 20260304165053.0
008 180221e19970227xo 0 slo
035 |a KE9929 
040 |a KEVKJB  |b slo  |c KEVKJB  |e AACR2 
041 0 |a slo 
044 |a xo  |c SK 
080 |a 902  |2 1981 
080 |a 271  |2 1981 
245 0 0 |a Pamiatka do tretice? 
610 2 7 |a Benediktíni  |2 KEVKJB  |9 31574 
650 0 7 |a kláštory  |2 KEVKJB  |9 3024 
650 0 7 |a archeologické nálezy  |2 KEVKJB  |9 4975 
650 0 7 |a kultúrne pamiatky  |2 KEVKJB  |9 2862 
651 7 |a Krásna nad Hornádom (Krásna, Košice IV, Slovensko)  |2 KEVKJB  |9 79319 
651 7 |a Košice (Slovensko)  |2 KEVKJB  |9 18694 
773 0 8 |t Košický večer  |g Roč. 8  |g Roč. 29, č.40, 27.2.1997, s. 1 
852 |a ZVYKNI  |b KIS3GCP 
999 |c 2982821  |d 2984751